| 000 | 00926nam a2200277 i 4500 | ||
|---|---|---|---|
| 001 | 161948 | ||
| 003 | ES-MaACL | ||
| 005 | 20250703063117.0 | ||
| 008 | 991026s1875 sp |||| | spa d | ||
| 040 |
_aAS _bspa _cAS |
||
| 080 | _a1(430)"17/18" | ||
| 080 | _a930.1(430)"18" | ||
| 080 | _a32(430)"18" | ||
| 100 | 1 |
_aPerojo, José del _d1850-1908 _991313 |
|
| 245 | 1 | 0 |
_aEnsayos sobre el movimiento intelectual en Alemania / _cpor José del Perojo. |
| 250 | _aPrimera serie. | ||
| 260 |
_aMadrid : _b[s.n., _c1875] ( _fImp. de Medina y Navarro) |
||
| 300 |
_aXVI, 334 p. ; _c17 cm. |
||
| 500 | _aÍndice. | ||
| 650 | 4 |
_aFilosofía- _zAlemania- _yS.XVIII. _9162422 |
|
| 650 | 4 |
_aFilosofía- _zAlemania- _yS.XIX. _9144630 |
|
| 650 | 4 |
_aHistoriografía- _zAlemania- _vHistoria. _9162423 |
|
| 650 | 4 |
_aPolítica- _zAlemania- _yS.XIX. _9162424 |
|
| 852 |
_aES-MaACL _jD-348 _z- Enc. hol. |
||
| 999 |
_c161948 _d161948 |
||